000 00677nam a2200229Ia 4500
003 OSt
005 20220927105810.0
006 a|||||r|||| 00| 0
007 ta
008 220926b |||||||| |||| 00| 0 eng d
024 _a205638
037 _cReference Collections
040 _aRTL
_cRTL
_beng
041 _2eng
_aeng
082 _a"Sigma.211, D6.1/GD"
100 _aHEMINGWAY F R
_9375116
245 0 _aMADRAS DISTRICT GAZETTEERS
_bTanjore. Vol.1
260 _a"Madras,"
_b"Govt. Press, "
_c1906
300 _av; 309p
_ccm.
942 _h"Sigma.211, D6.1/GD"
_cCC
999 _c694734
_d694734